000 00539nam a22001937a 4500
999 _c527728
_d527728
003 NUST
005 20190806103237.0
008 190806b ||||| |||| 00| 0 eng d
038 _aMr. Noman
082 _a658.4
100 _aMehmood, Raja Usman
_919135
245 _aComparative Analysis of Warid and Zong /
_cRaja Usman Mehmood.
260 _aIslamabad:
_bNBS - NUST,
_c2016.
300 _a25 p.: ill.;
_c30cm.
500 _aHardcover.
650 _aEMBA Thesis.
_917645
700 _aDr. Imtiaz Badshah.
_917767
942 _2ddc
_cTHE